000 00746nam a2200217 4500
003 OSt
005 20240702022205.0
006 a
008 240702b |||||||| |||| 00| 0 eng d
020 _a9789715848480
040 _aDWCL-HMN lib.
_cOC
082 _aFil. 610.73 G391b 2010
100 _aGesmundo, Monina H.
245 _aThe basics of community health nursing: a study guide for nursing students and local board examinees /
260 _aQuezon city :
_bC & E pub. ,
_cc2010.
300 _axxvii,
_b485 p. ; ill. ;
_c26 cm.
650 _a1. Community health nursing.
650 _a2. Community health nursing-Examinations, questions, etc.
650 _a3. Nursing-Examinations, questions, etc.
942 _2ddc
_n0
_cBK - FIL
_kFil.
999 _c1765
_d1765